Statistics for Torbay quiz

Click here to take the quiz!

General Stats

  • This quiz has been taken 11 times
  • The average score is 5 of 9

Answer Stats

HintAnswer% Correct
Which bus runs from Brixham to Newton Abbot and back?12
100%
Name of the cinema in paigntonVue
100%
What theme is the mini golf next to paignton vuePirate
80%
Hotel near the Torquay Train stationThe Grand Hotel
80%
Pebble beach next to BroadsandsElberry cove
60%
Year 10 rap prodigy featured on "welcome to torbay" (use his rap name)NJ flows
40%
leftover food from this food store is given out on the green in torquay by charity workersGreggs
20%
Producer tag at the beginning of "welcome to torbay" by oceanside recordsI love Chris rich
20%
Not-for-profit organisation who put together oceanside recordsOcean Youth
20%

Score Distribution

Percentile by Number Answered

Percent of People with Each Score

Your Score History

You have not taken this quiz